Statistics for Elevation of Countries - East or West?

Click here to take the quiz!

General Stats

  • This quiz has been taken 20 times
  • The average score is 8 of 12

Answer Stats

QuestionAnswer% Correct
FranceEast
95%
ChinaWest
90%
United StatesWest
90%
ArgentinaWest
90%
MoroccoEast
85%
KenyaWest
70%
South KoreaEast
65%
RussiaEast
60%
Saudi ArabiaEast
45%
ColombiaEast
45%
PakistanWest
40%
AustraliaWest
25%

Score Distribution

Percentile by Number Answered

Percent of People with Each Score

Your Score History

You have not taken this quiz